01006nam a2200229 a 450000100100000000500170001000800410002704000250006808200170009310000320011024500880014226000660023030000310029650000410032765000360036865000340040465000420043870000320048095201210051295201260063399900170075900002415120260316133030.0110119s1973 mx r 000 | spa d aDO-SdBNPbspacBNPHU a338.5bG194a1 aGamoneda, Ramón G.94958610aApuntes sobre factibilidad económica /cRamón G. Gamoneda, Modesto J. García. aMéxico, D. F. :bCentro Regional de Ayuda Técnica,c1973. ax, 187 p. :bil. ;c23 cm. aIncluye referencias bibliográficas 0aEstabilidad económica 949587 0aPolítica económica984931 4aPronostícos de la economía9495881 aGarcía, Modesto J.949589 001054708MOaGRbGRcCTd2011-01-19iLF1l0o338.5 G194ap24151-10r2020-06-25w2020-06-25y4ZPréstamo en sala 001054728MOaGRbGRcCTd2011-01-28iLF1l0o338.5 G194ap24151-20r2020-06-25te.2w2020-06-25y4ZPréstamo en sala c23645d23645